000 00971nam a2200337 i 4500
001 000035225
003 DO-SdBNP
005 20240124084759.0
007 000035225
008 890123s1999 sp spa
015 _a
017 _a
_b
020 _a842044796X
035 _a
040 _aBPMSU
_bspa
_cBPMSU
_e
082 4 _a863.6
_bM379n 1999
_222
100 1 _aMartín, Andreu
_d1949-
245 1 0 _aNo pidas sardina fuera de temporada /
_cAndreu Martín, Jaume Ribera
_h
260 _aMadrid :
_bAlfaguara,
_c1999
300 _a178 p. :
_c22 cm
490 0 _aJuvenil Alfaguara
500 _a
534 _aTítulos original :
_tNo demanis llobarro fora de temporada
586 _aPremio Nacional de Literatura Juvenil
590 _aInventariado, 2024/VM
650 4 _aNovela juvenil española
650 4 _aLiteratura juvenil española
700 1 _aRibera, Jaume
_d1953-
910 _aVMateo V. Control de calidad. BPMSU
942 _2ddc
_cBK
999 _c9710
_d9710